Illimination: (Record no. 142085)

MARC details
000 -LEADER
fixed length control field 00697nam a22001817a 4500
005 - DATE AND TIME OF LATEST TRANSACTION
control field 20170628121928.0
010 ## - LCCN (DPL NO)
LC control number ENG-118987
020 ## - INTERNATIONAL STANDARD BOOK NUMBER
International Standard Book Number 9789386296634
Terms of availability 85.00
035 ## - SYSTEM CONTROL NUMBER
System control number EN-102519
037 ## - SOURCE OF ACQUISITION
Source of stock number/acquisition DBAD/PUB
082 ## - DEWEY DECIMAL CLASSIFICATION NUMBER
Classification number 480
245 ## - TITLE STATEMENT
Title Illimination:
Remainder of title a textbook for general english /
260 ## - PUBLICATION, DISTRIBUTION, ETC. (IMPRINT)
Place of publication, distribution, etc Telangana
Name of publisher, distributor, etc Orient Blackswan
Date of publication, distribution, etc 2017
270 ## - ADDRESS
Address 3-6-752 Himayatnagar, Hyderabad-500029, Telangana, India
300 ## - PHYSICAL DESCRIPTION
Extent 119p
Dimensions 22cm.(pbk)
505 ## - FORMATTED CONTENTS NOTE
Formatted contents note Semester-II paper-2. BA / BSC / BFA / BVA <br/><br/>
942 ## - ADDED ENTRY ELEMENTS (KOHA)
Source of classification or shelving scheme Dewey Decimal Classification
Item type English Books
Classification part 480
Call number suffix ill
Holdings
Withdrawn status Lost status Not for loan Collection code Home library Current library Date acquired Source of acquisition Cost, normal purchase price Full call number Barcode Copy number Cost, replacement price Koha item type
      Non-fiction Shahdara Branch Shahdara Branch 28/06/2017 DBAD/PUB 85.00 480 ill EN-102519 1 85.00 English Books

© Delhi Public Library
Hit Counter
free hit counter